[Event "TCh-AUT 2003-4"]
[Site "Jenbach AUT"]
[Date "2004.03.18"]
[Round "8"]
[White "Rotstein,A"]
[Black "Volkmann,F"]
[Result "1/2-1/2"]
[WhiteElo "2519"]
[BlackElo "2457"]

1.c4 c6 2.Nf3 d5 3.e3 Nf6 4.Qc2 g6 5.d4 Bg7 6.Nc3 O-O 7.Bd2 Bf5 8.Qb3 Qb6
9.Qa3 Na6 10.Rc1 dxc4 11.Bxc4 Qb4 12.Qxb4 Nxb4 13.e4 Be6 14.Bxe6 Nd3+ 15.Ke2 Nxc1+
16.Rxc1 fxe6 17.e5 Nd5 18.Ne4 h6 19.Ne1 g5 20.Nd3 Nc7 21.h4 Rad8 22.Be3 gxh4
23.a4 Nd5 24.Nec5 Kf7 25.Nxb7 Rb8 26.Nbc5 Rg8 27.Rh1 Bf8 28.Kf3 Nxe3 29.fxe3 Rg3+
30.Kf2 Rg4 31.Rh3 h5 32.Rf3+ Kg8 33.Nxe6 Bh6 34.b4 Kh8 35.Rf7 Rbg8 36.Ndf4 Rxg2+
37.Nxg2 h3 38.Rf3 Rxg2+ 39.Kf1 Rg6 40.Rxh3 Rxe6 41.Rxh5 Kg7 42.Ke2 Rg6 43.Kf2 Kf7
44.Rh1 Ke6 45.Kf3 Kd7 46.Ke4 e6 47.b5 cxb5 48.axb5 Kc7 49.Ra1 Kb7 50.Ra6 Bf8
51.Kd3 Rh6 52.Kc4 Be7 53.Kc3 Bd8 54.Rd6 Bc7 55.Rd7 Kc8 56.Rg7 Bb6 57.Kd3 Kd8
58.Rg8+ Ke7 59.Rg7+ Kf8 60.Rb7 Rh1 61.Rb8+ Ke7 62.Rb7+ Kd8 63.Rg7 Ra1 64.Rh7 Ra3+
65.Ke4 Rb3 66.Rh6 Ke7 67.Rh7+ Kf8 68.Rh6 Kf7 69.Rh7+ Kf8 70.Rh6 Rxb5 71.Rxe6 a5
72.d5 a4 73.d6 a3 74.d7 Bc7 75.Re8+ Kf7 76.e6+ Kf6 77.Rc8 Ba5 78.Ra8 Bc7
79.Rc8 Ba5 80.Ra8 Bc7  1/2-1/2

[Event "TCh-AUT 2003-4"]
[Site "Jenbach AUT"]
[Date "2004.03.19"]
[Round "9"]
[White "Kosten,A"]
[Black "Varga,P"]
[Result "1/2-1/2"]
[WhiteElo "2507"]
[BlackElo "2468"]

1.c4 c6 2.e4 e5 3.Nf3 d6 4.d4 Bg4 5.d5 c5 6.Nc3 Be7 7.Be2 Bxf3 8.Bxf3 Bg5
9.Qa4+ Kf8 10.Bxg5 Qxg5 11.O-O Qe7 12.Bg4 Nf6 13.Bh3 g6 14.f4 Nbd7 15.Bxd7 Nxd7
16.f5 Kg7 17.Qc2 g5 18.f6+ Nxf6 19.Nd1 Rhf8 20.Ne3 Kh8 21.Nf5 Qd8 22.Qe2 Rc8
23.Rf2 Rc7 24.Raf1 Ng8 25.Qh5 f6 26.Ne3 Rg7 27.Rf3 a6 28.Ng4 b5 29.Ne3 b4
30.Nf5 Ra7 31.Rg3 Ne7 32.Nh6 Ng6 33.Qd1 Ne7 34.Qg4 Ng8 35.Nf5 Ne7 36.Nh6 Ng8
37.Nf5 Ne7 38.Nh6  1/2-1/2

[Event "TCh-AUT 2003-4"]
[Site "Jenbach AUT"]
[Date "2004.03.21"]
[Round "11"]
[White "Bischoff,K"]
[Black "Kindermann,S"]
[Result "1/2-1/2"]
[WhiteElo "2561"]
[BlackElo "2542"]

1.c4 c6 2.Nc3 d5 3.cxd5 cxd5 4.d4 Nc6 5.Bf4 Nf6 6.e3 a6 7.Bd3 Bg4 8.Nge2 e6
9.O-O Bd6 10.Bxd6 Qxd6 11.Rc1  1/2-1/2

[Event "TCh-BEL 2003-4"]
[Site "Belgium BEL"]
[Date "2004.03.23"]
[Round "11"]
[White "Van Uytven,E"]
[Black "Boidman,Y"]
[Result "0-1"]
[WhiteElo "2171"]
[BlackElo "2418"]

1.c4 c6 2.Nf3 Nf6 3.b3 d5 4.Bb2 Bf5 5.d3 h6 6.g3 e6 7.Bg2 Be7 8.O-O O-O 9.Nc3 Nbd7
10.Qd2 Bh7 11.Rfd1 a5 12.e4 dxe4 13.dxe4 Nc5 14.e5 Nfd7 15.Qe3 Qb6 16.Ba3 Rfe8
17.Rd4 Nb8 18.Rad1 Nba6 19.Ne1 Nb4 20.Bc1 Bg6 21.Bf3 Bg5 22.Qe2 Bxc1  0-1

[Event "It"]
[Site "Rishon le Zion ISR"]
[Date "2004.03.23"]
[Round "4"]
[White "Pliskine,V"]
[Black "Kaplan,S"]
[Result "1/2-1/2"]
[WhiteElo "2212"]
[BlackElo "2292"]

1.c4 c6 2.Nf3 d5 3.e3 Nf6 4.Nc3 g6 5.d4 Bg7 6.Bd3 O-O 7.O-O Bg4 8.h3 Bxf3
9.Qxf3 e6 10.Rd1 Nbd7 11.b3 Re8 12.Bb2 Qe7 13.cxd5 exd5 14.Rac1 Nf8 15.Na4 Ne6
16.Nc5 Ng5 17.Qe2 Nfe4 18.Bxe4 Nxe4 19.Nxe4 Qxe4 20.Qd3 f5 21.Qxe4 Rxe4 22.Re1 Rae8
23.Kf1 Kf7 24.Re2 Bh6 25.Rce1 Kf6 26.Ba3 f4 27.exf4 Bxf4 28.f3 Re3 29.Rxe3 Rxe3
30.Rxe3 Bxe3 31.Bb2 Ke6 32.Ke2 Bh6 33.Kd3 Bg7 34.Bc1 b6 35.Be3 Bf8 36.Bf4 Bd6  1/2-1/2

[Event "14th Asian Cities"]
[Site "Tagaytay City PHI"]
[Date "2004.03.23"]
[Round "4"]
[White "Donguines,F"]
[Black "Alsharhan,F"]
[Result "1-0"]
[WhiteElo "2413"]
[BlackElo "2125"]

1.c4 c6 2.Nf3 d5 3.e3 Nf6 4.b3 Bg4 5.Bb2 e6 6.Be2 Nbd7 7.d3 Bb4+ 8.Kf1 O-O
9.h3 Bxf3 10.Bxf3 Qe7 11.Qc2 Rfd8 12.a3 Bd6 13.Nc3 Ne5 14.Be2 Ng6 15.h4 h5
16.b4 Rac8 17.Re1 e5 18.c5 Bb8 19.Qd1 d4 20.exd4 Rxd4 21.Ne4 Rd5 22.Bf3 Rd7
23.g3 Rcd8 24.Nxf6+ Qxf6 25.Be4 b6 26.Bc1 Ne7 27.Qxh5 g6 28.Qe2 Qg7 29.g4 Nd5
30.g5 bxc5 31.bxc5 Nc3 32.Qg4 Nxe4 33.dxe4 Bc7 34.Kg2 Ba5 35.Ref1 Qf8 36.h5 f5
37.gxf6 Qxf6 38.hxg6 Rg7 39.Rh6 Bd2 40.Bxd2 Rxd2 41.Qc8+ Rd8 42.Qf5 Qxf5
43.exf5 Kf8 44.f6  1-0

[Event "IV Open"]
[Site "Dos Hermanas ESP"]
[Date "2004.03.26"]
[Round "2"]
[White "Strikovic,A"]
[Black "Justiniano Marquez,M"]
[Result "1-0"]
[WhiteElo "2524"]
[BlackElo "2199"]

1.c4 c6 2.Nf3 d5 3.b3 Bf5 4.g3 e6 5.Bg2 Nf6 6.O-O Be7 7.Bb2 O-O 8.d3 h6 9.Nbd2 a5
10.a3 Nbd7 11.Ra2 Re8 12.Qa1 Bf8 13.Ne5 Nxe5 14.Bxe5 Nd7 15.Bc3 Bg4 16.Nf3 e5
17.cxd5 cxd5 18.Nxe5 Nxe5 19.Bxe5 f6 20.Qd4 fxe5 21.Qxg4 Rc8 22.b4 b6 23.bxa5 bxa5
24.Qa4 d4 25.Rb1 Rc3 26.Be4 Bd6 27.Rb5 Qe7 28.Rxa5 Rb8 29.Ra8 Qf8 30.Rxb8 Qxb8
31.Kg2 g5 32.Qd7 h5 33.a4 Qb1 34.Qxd6 Rc1 35.Qg6+ Kf8 36.Qf6+ Kg8 37.Qxg5+ Kf8
38.Qf6+ Kg8 39.Bd5+ Kh7 40.Qf7+  1-0

[Event "14th Asian Cities"]
[Site "Tagaytay City PHI"]
[Date "2004.03.26"]
[Round "8"]
[White "Donguines,F"]
[Black "Murali Krishnan,B"]
[Result "1/2-1/2"]
[WhiteElo "2413"]
[BlackElo "2319"]

1.c4 c6 2.e4 e5 3.Nf3 Nf6 4.Nxe5 d6 5.Nf3 Nxe4 6.d3 Nf6 7.d4 d5 8.Nc3 Be7
9.h3 O-O 10.Bd3 dxc4 11.Bxc4 Nbd7 12.O-O Nb6 13.Bd3 Be6 14.Qe2 h6 15.Re1 Re8
16.Bf4 Nbd5 17.Be5 Nd7 18.Bg3 Bb4 19.Rac1 Nf8 20.Bh2 Qa5 21.Qc2 Rad8 22.Ne5 Ne7
23.a3 Bd6 24.Ne4 Nf5 25.Nxd6 Nxd6 26.Nf3 Nf5 27.Be5 Ne7 28.Qe2 Neg6 29.Rc5 Qb6
30.b4 Bd5 31.Qf1 Ne6 32.Re3 Bxf3 33.Bxg6 fxg6 34.Rxf3 Nxc5 35.bxc5 Qb5 36.Qe1 Qc4
37.Qe4 Qe6 38.Rg3 Rd5 39.f4 Kf7 40.h4 Red8 41.h5 Rxd4 42.Qxg6+ Qxg6 43.hxg6+ Ke6
44.Bxd4 Rxd4 45.Rh3 Rd2 46.g4 Kf6  1/2-1/2

[Event "14th Asian Cities"]
[Site "Tagaytay City PHI"]
[Date "2004.03.26"]
[Round "8"]
[White "Kotsur,P"]
[Black "Liang Chong"]
[Result "1/2-1/2"]
[WhiteElo "2569"]
[BlackElo "2535"]

1.c4 c6 2.d4 d5 3.Nc3 Nf6 4.e3 a6 5.Qc2 g6 6.Nf3 Bg7 7.Bd3 O-O 8.O-O Bg4
9.Ne5 Be6 10.c5 Nfd7 11.Nxd7 Nxd7 12.f4 f5  1/2-1/2

[Event "Bundesliga 2003-4"]
[Site "Plauen GER"]
[Date "2004.03.27"]
[Round "12"]
[White "Ribli,Z"]
[Black "Krivoshey,S"]
[Result "1-0"]
[WhiteElo "2595"]
[BlackElo "2501"]

1.c4 c6 2.d4 d5 3.Nf3 Nf6 4.Nc3 a6 5.a4 e6 6.Bg5 Be7 7.e3 a5 8.Be2 Na6 9.O-O Nb4
10.Qb3 b6 11.Rac1 O-O 12.Na2 Bb7 13.Bxf6 gxf6 14.Nxb4 axb4 15.Rfd1 dxc4 16.Bxc4 Ra5
17.e4 Kh8 18.Qc2 Rg8 19.b3 Rh5 20.Qe2 Qf8 21.Qe3 Qg7 22.Ne1 Bd6 23.g3 Qg5
24.Qxg5 Rhxg5 25.Bf1 Rd8 26.Bg2 Rgg8 27.Nd3 Be7 28.Nb2 c5 29.d5 f5 30.Nc4 fxe4
31.dxe6 f5 32.Nxb6 Rd6 33.Nc4 Rd4 34.Ne3 Rd3 35.Nc2 Rxd1+ 36.Rxd1 Rd8 37.Rd7 Rxd7
38.exd7 Bc6 39.a5  1-0

[Event "It"]
[Site "Rishon le Zion ISR"]
[Date "2004.03.27"]
[Round "8"]
[White "Lerner,K"]
[Black "Kaganskiy,G"]
[Result "1-0"]
[WhiteElo "2515"]
[BlackElo "2376"]

1.c4 c6 2.Nf3 d5 3.d4 Nf6 4.Nc3 e6 5.Bg5 h6 6.Bxf6 Qxf6 7.Qb3 dxc4 8.Qxc4 Nd7
9.O-O-O Bd6 10.g3 Qe7 11.Bh3 e5 12.Bxd7+ Bxd7 13.dxe5 Bxe5 14.Nxe5 Qxe5 15.Ne4 Be6
16.Qb4 c5 17.Qb5+ Kf8 18.Qxc5+ Qxc5+ 19.Nxc5 Rc8 20.Kb1 Bf5+ 21.e4 Ke7 22.exf5 Rxc5
23.Rhe1+ Kf6 24.Rd6+ Kxf5 25.Rd7 Kg4 26.Rxf7 g5 27.h4 a5 28.hxg5 hxg5 29.Rc1 Rd5
30.Rc4+ Kh3 31.Rxb7 Rf8 32.f4 Kxg3 33.fxg5 Rxg5 34.Rb3+ Rf3 35.Rxf3+ Kxf3
36.Kc2 Rb5 37.Kc3 Ke3 38.a3 Rd5 39.Rc8 Rd3+ 40.Kc4 Rd7 41.b4 Rd4+ 42.Kb5 Rd5+
43.Rc5 Rd3 44.Kxa5 Rxa3+ 45.Kb6 Kd4 46.b5 Ra8 47.Rc1 Rh8 48.Ka6  1-0

[Event "1st Savaria IM"]
[Site "Szombathely HUN"]
[Date "2004.03.27"]
[Round "6"]
[White "Pergel,L"]
[Black "Csonka,A"]
[Result "1/2-1/2"]
[WhiteElo "2343"]
[BlackElo "2349"]

1.c4 c6 2.e4 e5 3.d4 Bb4+ 4.Bd2 Bxd2+ 5.Qxd2 d6 6.Nf3 Nd7 7.Be2 Ngf6 8.Nc3 O-O
9.O-O Qc7 10.h3 a6  1/2-1/2

[Event "30th ch-BAN"]
[Site "Dhaka BAN"]
[Date "2004.03.30"]
[Round "3"]
[White "Islam,AP"]
[Black "Abdulla,AlR"]
[Result "0-1"]
[WhiteElo "2149"]
[BlackElo "2417"]

1.c4 c6 2.Nc3 d5 3.cxd5 cxd5 4.d4 Nf6 5.Nf3 Nc6 6.Bf4 a6 7.Rc1 Ne4 8.Qb3 Nxc3
9.Rxc3 e6 10.a3 Na5 11.Qc2 Nc4 12.Ne5 b5 13.e3 f6 14.Nd3 Be7 15.Be2 O-O 16.O-O Re8
17.Ra1 Bf8 18.b3 Nxa3 19.b4  0-1

[Event "5th ch-EURw"]
[Site "Dresden GER"]
[Date "2004.03.31"]
[Round "10"]
[White "Khurtsidze,N"]
[Black "Houska,Jo"]
[Result "0-1"]
[WhiteElo "2411"]
[BlackElo "2370"]

1.c4 c6 2.Nf3 d5 3.e3 Nf6 4.b3 Bg4 5.Bb2 Nbd7 6.h3 Bh5 7.d4 e6 8.Nbd2 Bd6
9.Bd3 O-O 10.Qc2 c5 11.O-O Rc8 12.Ne5 cxd4 13.exd4 Nb8 14.f4 Nc6 15.Nxc6 Rxc6
16.c5 Qb8 17.g3 Bg6 18.b4 Nh5 19.Bxg6 hxg6 20.Qd3 Be7 21.b5 Rcc8 22.Rae1 Qc7
23.Kg2 Ra8 24.Qb3 Rfe8 25.Nf3 Nf6 26.a4 Ne4 27.h4 Bd8 28.Ra1 f6 29.Rfc1 g5
30.hxg5 fxg5 31.Ne5 gxf4 32.gxf4 Bf6 33.c6 Bxe5 34.dxe5 bxc6 35.Rxc6 Qf7
36.Qe3 Qg6+ 37.Kf1 Rf8 38.Ke2 Qg2+ 39.Kd3 Qxb2 40.Rg1 Nf2+  0-1

[Event "TCh-FRA Nat1 GpB"]
[Site "Montpellier FRA"]
[Date "2004.04.01"]
[Round "4"]
[White "Julve,P"]
[Black "Prie,E"]
[Result "1/2-1/2"]
[WhiteElo "2297"]
[BlackElo "2429"]

1.c4 c6 2.Nf3 d5 3.d4 Nf6 4.e3 Bg4 5.Bd3 Nbd7 6.Nbd2 e5 7.cxd5 Nxd5 8.O-O exd4
9.exd4 Be7 10.Nc4 O-O 11.Ne3 Bh5 12.Nxd5 cxd5 13.h3 Qb6 14.Bc2 Rfd8 15.Bb3 Nf8
16.g4 Bg6 17.Ne5 Ne6 18.Be3 Bf6 19.f4 Be4 20.Qd2 Be7 21.f5 Nf8 22.Rf4 a5
23.Rxe4 a4 24.Bxd5 Rxd5 25.Nc4 Qc7 26.Rxe7 Qxc4 27.Rxb7 Re8 28.Rb4 Qc7 29.Bf2 h5
30.Rc1 Qd6 31.Re1 Rxe1+ 32.Bxe1 hxg4 33.hxg4 Qe7 34.Kf1 Qe4 35.Qe2 Qh1+ 36.Kf2 Rd6
37.Qf3 Qh2+ 38.Kf1 Qc2 39.Qe3 Rh6 40.Qf3 Nd7 41.Rb7 Qc4+ 42.Kg2 Qxd4 43.Rb4 Qd6
44.g5 Rh2+ 45.Kg1 Rc2 46.Rxa4 Rxb2 47.Bf2 Qd2 48.Ra8+ Nf8 49.Qe3 Qd1+ 50.Kg2 Qg4+
51.Qg3 Qe4+ 52.Qf3 Qe7 53.f6 Qe5 54.Ra4 Nd7 55.Qa8+ Rb8 56.Qa5 gxf6 57.gxf6 Qxa5
58.Rxa5 Nxf6 59.Bd4 Nd7 60.Rh5 f6 61.Rd5 Rb7 62.Kf3 Kf7 63.Ke4 Ke7 64.Ra5 Kd6
65.Ra6+ Kc7 66.Kd5 Rb5+ 67.Ke6 Nc5+  1/2-1/2

[Event "TCh-FRA Nat1 GpB"]
[Site "Montpellier FRA"]
[Date "2004.04.02"]
[Round "5"]
[White "Hamdouchi,H"]
[Black "Wirig,A"]
[Result "1-0"]
[WhiteElo "2588"]
[BlackElo "2418"]

1.c4 c6 2.e4 e5 3.Nf3 d6 4.d4 Bg4 5.Be2 Bxf3 6.Bxf3 Be7 7.O-O Nd7 8.d5 c5
9.Nc3 a6 10.Bg4 Ngf6 11.Bh3 O-O 12.a4 Ne8 13.g3 Nc7 14.Qe2 Re8 15.Bd2 b6
16.Kh1 Nf8 17.Rab1 Bg5 18.Bxg5 Qxg5 19.b4 Rab8 20.bxc5 bxc5 21.a5 Na8 22.Qa2 Qe7
23.Qa4 Qc7 24.Kg2 Red8 25.Bg4 Ng6 26.h4 Ne7 27.Rxb8 Rxb8 28.Rb1 Kf8 29.Rxb8+ Qxb8
30.Qd7 Qc7 31.Na4 g6 32.Nb6 f5 33.exf5 Qxd7 34.Nxd7+ Ke8 35.f6 Nf5 36.Bxf5 gxf5
37.Nxc5 Kf7 38.Nb7 Kxf6 39.Nxd6 e4 40.Nxf5 Kxf5 41.d6  1-0

[Event "FSGM April"]
[Site "Budapest HUN"]
[Date "2004.04.06"]
[Round "4"]
[White "Paschall,W"]
[Black "Pataki,G"]
[Result "1-0"]
[WhiteElo "2401"]
[BlackElo "2374"]

1.c4 c6 2.Nf3 d5 3.e3 Nf6 4.Nc3 g6 5.cxd5 cxd5 6.Bb5+ Bd7 7.Qb3 Bxb5 8.Qxb5+ Qd7
9.Ne5 Qxb5 10.Nxb5 Na6 11.b3 Nd7 12.Bb2 Bg7 13.d4 Nxe5 14.dxe5 O-O 15.Ke2 Nb4
16.f4 Rfc8 17.Rhc1 Nc6 18.Rc5 a6 19.Nc3 e6 20.Na4 Na7 21.Rac1 Bf8 22.Rc7 Rab8
23.Nb6 Rxc7 24.Rxc7 Nb5 25.Rc1 Bb4 26.Nd7 Rd8 27.Nf6+ Kg7 28.g4 Ba5 29.Bd4 Nxd4+
30.exd4 h6 31.a3 Bb6 32.Kd3 a5 33.h4 Kf8 34.h5 Kg7 35.hxg6 fxg6 36.f5 gxf5
37.gxf5 exf5 38.Rg1+ Kf7 39.Nh5 Kf8 40.Rg6 Ba7 41.Rxh6 Kg8 42.e6 a4 43.bxa4 Rc8
44.Rf6 Kh7 45.Rf7+ Kg6 46.Nf4+ Kg5 47.e7 Kxf4 48.Rf8 Rc4 49.e8=Q Rxd4+ 50.Kc2  1-0

[Event "FSIM April"]
[Site "Budapest HUN"]
[Date "2004.04.08"]
[Round "6"]
[White "Thorarinsson,P"]
[Black "Gikas,B"]
[Result "1/2-1/2"]
[WhiteElo "2278"]
[BlackElo "2271"]

1.c4 c6 2.e4 d5 3.exd5 cxd5 4.d4 Nf6 5.Nc3 g6 6.Qb3 Bg7 7.cxd5 O-O 8.Be2 Nbd7
9.Bf3 Nb6 10.Nge2 Bg4 11.Bxg4 Nxg4 12.a4 Qc8 13.O-O Qc4 14.Qxc4 Nxc4 15.a5 Rfd8
16.Ra4 Rac8 17.b3 Nd6 18.Rb4 Rd7 19.Bf4 Nf6 20.Bxd6 exd6 21.Rc4 Re8 22.Ng3 h5
23.h4  1/2-1/2

[Event "FSGM April"]
[Site "Budapest HUN"]
[Date "2004.04.08"]
[Round "6"]
[White "Paschall,W"]
[Black "Jakab,A"]
[Result "1-0"]
[WhiteElo "2401"]
[BlackElo "2411"]

1.c4 c6 2.Nf3 d5 3.e3 Nf6 4.Nc3 e6 5.b3 Nbd7 6.Bb2 Bd6 7.Qc2 Qe7 8.Be2 O-O
9.O-O e5 10.cxd5 Nxd5 11.Ne4 Bc7 12.Ng3 N7f6 13.d4 exd4 14.Bxd4 Bb6 15.Rad1 Re8
16.Qb2 Be6 17.Bc4 Bxd4 18.Rxd4 b5 19.Bd3 Rad8 20.Bb1 Bg4 21.Nf5 Qf8 22.Ng5 Bxf5
23.Bxf5 g6 24.Bb1 c5 25.Rh4 Qg7 26.e4 Nc7 27.e5 Nh5 28.Nf3 Nd5 29.Qc1 Rc8
30.Be4 Red8 31.Bxd5 Rxd5 32.g4 Rd3 33.Rh3 g5 34.Rxh5  1-0

[Event "Cogas Open"]
[Site "Almelo NED"]
[Date "2004.04.09"]
[Round "4"]
[White "Solleveld,Maa"]
[Black "Kroeze,F"]
[Result "1/2-1/2"]
[WhiteElo "2484"]
[BlackElo "2384"]

1.c4 c6 2.e4 d5 3.cxd5 cxd5 4.exd5 Nf6 5.Nc3 Nxd5 6.Nf3 Nc6 7.Bb5 e6 8.O-O Be7
9.d4 O-O 10.Re1 Bd7 11.Bc4 Nxc3 12.bxc3 Rc8 13.Bd3 Bf6 14.Nd2 Ne7 15.Ne4 Nf5
16.Bf4 Bc6 17.Qd2 Be7 18.Rad1 Qa5 19.Ng5  1/2-1/2

[Event "42nd Doeberl Cup"]
[Site "Canberra AUS"]
[Date "2004.04.09"]
[Round "2"]
[White "Bjelobrk,I"]
[Black "Wei,M"]
[Result "1-0"]
[WhiteElo "2362"]
[BlackElo "2111"]

1.c4 c6 2.Nf3 d5 3.e3 Nf6 4.d4 e6 5.Nbd2 Nbd7 6.Bd3 Bd6 7.O-O O-O 8.e4 dxe4
9.Nxe4 Nxe4 10.Bxe4 Qc7 11.Bc2 e5 12.Re1 exd4 13.Qxd4 Nc5 14.b4 Ne6 15.Qd3 f5
16.c5 Bf4 17.Bb3 Bxc1 18.Raxc1 Rf6 19.Ng5 Qe7 20.Qd6  1-0

[Event "ch-city"]
[Site "Berlin GER"]
[Date "2004.04.10"]
[Round "2"]
[White "Haemmerlein,T"]
[Black "Dauth,B"]
[Result "0-1"]
[WhiteElo "2167"]
[BlackElo "2281"]

1.c4 c6 2.e4 d5 3.exd5 cxd5 4.cxd5 Qxd5 5.Nc3 Qa5 6.Nf3 Nf6 7.Bc4 e6 8.O-O Be7
9.d4 O-O 10.Bf4 a6 11.Qe2 Nbd7 12.Bxe6 Bb4 13.Bb3 Bxc3 14.bxc3 Qxc3 15.Rac1 Qb4
16.Rc4 Qb5 17.Bd6 Re8 18.Qc2 h6 19.Ne5 Nxe5 20.dxe5 Nd7 21.Rf4 Nxe5 22.Ba4 Qd5
23.Rd1 Nc6 24.Bb3 Qxd6 25.Bxf7+ Kh8 26.Qc1 Qe5 27.Bxe8 Qxe8 28.Re1 Qg8 29.Qb2 Bd7
30.Rh4 Qh7 31.Qxb7 Re8 32.Rd1 Qd3 33.Qb1 Qc3 34.h3 Ne5 35.Rc1 Qa3 36.Re4 Bf5
37.Rxe5 Rxe5 38.Qb8+ Kh7 39.Rd1 Qa5 40.Rd4 Re1+ 41.Kh2 Qe5+  0-1

[Event "ACP Blitz Prelim2"]
[Site "playchess.com INT"]
[Date "2004.04.13"]
[Round "3"]
[White "Kharlov,A"]
[Black "Gustafsson,J"]
[Result "0-1"]
[WhiteElo "2593"]
[BlackElo "2579"]

1.c4 c6 2.Nf3 d5 3.d4 Nf6 4.Qb3 dxc4 5.Qxc4 Bf5 6.g3 e6 7.Bg2 Nbd7 8.O-O Be7
9.Nc3 O-O 10.a4 a5 11.e3 Ne4 12.Nd2 Nxd2 13.Bxd2 Nb6 14.Qe2 Bg6 15.Rfd1 Nd5
16.e4 Nb4 17.Be3 Bf6 18.Rd2 Re8 19.f4 Qc7 20.Rf1 h6 21.g4 Bh7 22.Qf2 Rf8
23.h4 Be7 24.g5 hxg5 25.hxg5 f5 26.gxf6 Bxf6 27.Qg3 Rad8 28.Bh3 Qe7 29.Rfd1 Rfe8
30.Rh2 c5 31.e5 Bh4 32.Bxe6+ Qxe6 33.Qxh4 Bf5 34.dxc5 Rxd1+ 35.Nxd1 Qb3 36.Nc3 Nd5
37.Qe1 Nxc3 38.bxc3 Rd8 39.Bd4 Qxa4 40.Rg2 Re8 41.e6 Rxe6 42.Qxe6+ Bxe6 43.Rxg7+ Kf8
44.Rxb7 Qd1+ 45.Kf2 Qd2+ 46.Kg3 Qe1+ 47.Bf2 Qxc3+ 48.Kh4 Qh8+ 49.Kg3 Qc3+
50.Kh4 Qf6+ 51.Kg3 Qg6+ 52.Kh2 Bd5  0-1

[Event "ACP Blitz Prelim4"]
[Site "playchess.com INT"]
[Date "2004.04.15"]
[Round "11"]
[White "Psakhis,L"]
[Black "Polaczek,R"]
[Result "1-0"]
[WhiteElo "2545"]
[BlackElo "2426"]

1.c4 c6 2.d4 d5 3.Nc3 Nf6 4.Nf3 dxc4 5.a4 Bf5 6.e3 e6 7.Bxc4 Bb4 8.O-O O-O
9.Qe2 Nbd7 10.e4 Bg6 11.e5 Nd5 12.Ne4 Be7 13.h3 c5 14.dxc5 Nxc5 15.Nxc5 Bxc5
16.Rd1 Qa5 17.Bxd5 exd5 18.Be3 Bxe3 19.Qxe3 Rad8 20.Nd4 Rfe8 21.Rdc1 Re7
22.f4 Be4 23.Qc3 Qxc3 24.Rxc3 f6 25.e6 f5 26.Kf2 g6 27.g4 Kg7 28.g5 h6 29.h4 hxg5
30.hxg5 Rh8 31.Kg3 Rhe8 32.Rac1 Kh7 33.a5 a6 34.b4 Kg7 35.Kf2 Kf8 36.Rh3 Kg7
37.Ke3 Rh8 38.Rxh8 Kxh8 39.Rc8+ Kg7 40.Kd2 Bg2 41.b5 axb5 42.Kc3 Bf1 43.Kb4  1-0

[Event "ACP Blitz Final"]
[Site "playchess.com INT"]
[Date "2004.04.17"]
[Round "1.3"]
[White "Zhang Zhong"]
[Black "Volkov,S1"]
[Result "0-1"]
[WhiteElo "2633"]
[BlackElo "2629"]

1.c4 c6 2.e4 d5 3.exd5 cxd5 4.cxd5 Nf6 5.Nc3 g6 6.Bc4 Bg7 7.Nge2 O-O 8.O-O Nbd7
9.Nf4 g5 10.Nfe2 Nb6 11.d3 h6 12.Qb3 Bf5 13.Be3 Bg6 14.a4 Ng4 15.h3 Ne5 16.Rfd1 Rc8
17.Bb5 a6 18.Bxa6 bxa6 19.Bxb6 Qd7 20.d4 Nd3 21.a5 Qf5 22.Rf1 g4 23.Ng3 Qd7
24.h4 Nf4 25.Rfe1 Bf6 26.Nce4 Bxh4 27.Qe3 Bg5 28.Nxg5 hxg5 29.Qe5 Qxd5 30.Qxd5 Nxd5
31.Bc5 Rc7 32.b4 Rb8 33.Re5 Nxb4 34.Rxg5 Nd3 35.Rd1 Nxc5 36.Rxc5 Rxc5 37.dxc5 Kf8
38.Ne2 Ke8 39.Nf4 Rb1 40.Rxb1 Bxb1 41.Nd5 Kd7 42.Nb4 e5 43.Kh2 f5 44.Kg3 Be4
45.f3 gxf3 46.gxf3 f4+ 47.Kg4 Bb7 48.Kf5 e4 49.fxe4 f3 50.Nd3 Kc6 51.e5 Kb5
52.e6 Kxa5 53.e7 Bc6 54.Ke5 Kb5 55.Kd6 Be8 56.Nf2 a5 57.Ne4 a4 58.Nc3+ Ka5
59.c6 f2 60.c7 f1=Q 61.c8=Q Qd3+ 62.Nd5 Qg3+ 63.Kc5 Qf2+ 64.Kd6 Qh2+ 65.Ke6 Qh3+  0-1

[Event "Rapid"]
[Site "Beer Sheva ISR"]
[Date "2004.04.20"]
[Round "9"]
[White "Roiz,M"]
[Black "Erenburg,S"]
[Result "1/2-1/2"]
[WhiteElo "2563"]
[BlackElo "2513"]

1.c4 c6 2.d4 d5 3.Nc3 Nf6 4.Nf3 dxc4 5.a4 Bf5 6.Ne5 Nbd7 7.Nxc4 Nb6 8.Ne5 a5
9.g3 e6 10.Bg2 Bb4 11.O-O O-O 12.e3 h6 13.Qe2 Nfd7 14.Nxd7 Nxd7 15.Rd1 Qe7
16.e4 Bg6 17.Be3 Nf6 18.f3 e5 19.dxe5 Qxe5 20.f4 Qe7 21.e5 Nd7 22.Ne4 Bxe4
23.Bxe4 Bc5 24.Rac1 Rfd8 25.Bb1 Bxe3+ 26.Qxe3 Nf8 27.Qc3 Ne6 28.Rd3 Qb4 29.Qxb4 axb4
30.b3 Rxd3 31.Bxd3 Nd4 32.Rc4 Nxb3 33.Rxb4 Nc5 34.Bc2 Rd8 35.Rc4 Ne6 36.Kf1 Rd2
37.h4 Kf8 38.Be4 Rd4 39.Rxd4 Nxd4 40.Kf2 Ke7 41.Ke3 Ne6 42.Bc2 b6 43.Ke4 Nc5+
44.Kd4  1/2-1/2

[Event "6th Open"]
[Site "Dubai UAE"]
[Date "2004.04.21"]
[Round "3"]
[White "Ghaem Maghami,E"]
[Black "Kosasih,C"]
[Result "1/2-1/2"]
[WhiteElo "2558"]
[BlackElo "2406"]

1.c4 c6 2.e4 d5 3.exd5 cxd5 4.cxd5 Qxd5 5.Nc3 Qd8 6.d4 Nf6 7.Nf3 e6 8.Bd3 Be7
9.O-O O-O 10.Bg5 Nc6 11.a3 g6 12.Bc4 Nd5 13.Bxd5 exd5 14.Bxe7 Nxe7 15.Qb3 b6
16.Rfe1 Bg4 17.Ne5 Be6 18.Rad1 Rc8 19.Nb5 a6 20.Nc3 Qd6 21.Na4 Rb8 22.Rc1 Rfc8
23.Rxc8+ Rxc8 24.Qxb6 Qxb6 25.Nxb6 Rc2 26.Na4 Nf5 27.Nf3 Nd6 28.Nc5 Rxb2
29.h3 Bf5 30.Nxa6 Kg7 31.Nb4 Ne4 32.Nxd5 Nxf2 33.Ne3 Be4  1/2-1/2

[Event "7th St Quentin Open"]
[Site "Elancourt FRA"]
[Date "2004.04.22"]
[Round "6"]
[White "Bogdanov,E"]
[Black "Bagheri,A"]
[Result "0-1"]
[WhiteElo "2217"]
[BlackElo "2506"]

1.c4 c6 2.Nf3 Nf6 3.g3 d5 4.Bg2 Bf5 5.O-O e6 6.d3 Nbd7 7.Nc3 dxc4 8.dxc4 h6
9.Be3 Be7 10.Qb3 Qc7 11.h3 O-O 12.Nd2 Bc5 13.Bxc5 Nxc5 14.Qa3 Rfd8 15.Qxc5 Rxd2
16.b3 Qb6 17.Qxb6 axb6 18.Rfd1 Rc2 19.Rac1 Rxc1 20.Rxc1 e5 21.Rd1 Kf8 22.Kf1 Ke7
23.Ke1 g5 24.Kd2 h5 25.Ke3 Rg8 26.Rh1 Nd7 27.h4 g4 28.Kd2 Nc5 29.Kc1 Bg6
30.Rd1 f5 31.b4 Ne6 32.e3 f4 33.exf4 exf4 34.Be4 Bxe4 35.Nxe4 Rf8 36.Re1 Kd7
37.Rd1+ Kc7 38.Rd6 Re8 39.Rd2 fxg3 40.fxg3 Nf4 41.Nf6 Re6 42.Nxg4 Ne2+ 43.Kd1 Nxg3
44.Nf2 Ne4 45.Rc2 Nxf2+ 46.Rxf2 Re4 47.Rf7+ Kb8 48.Rh7 Rd4+ 49.Kc2 Rxc4+
50.Kb3 Rxh4 51.a4 Rh1 52.Kb2 h4 53.Ka2 h3 54.Kb2 h2  0-1

[Event "7th St Quentin Open"]
[Site "Elancourt FRA"]
[Date "2004.04.24"]
[Round "8"]
[White "Sulypa,A"]
[Black "Baron,D"]
[Result "1-0"]
[WhiteElo "2488"]
[BlackElo "2139"]

1.c4 c6 2.d4 d5 3.Nf3 e6 4.Nc3 f5 5.Bf4 Nf6 6.e3 Be7 7.Bd3 Nbd7 8.h3 Ne4
9.Qc2 Ndf6 10.Ne5 Nxc3 11.bxc3 Ne4 12.O-O O-O 13.f3 Nd6 14.Rab1 Nf7 15.e4 Nxe5
16.Bxe5 b6 17.cxd5 cxd5 18.c4 Ba6 19.exd5 exd5 20.Bxf5 Bxc4 21.Bxh7+ Kh8
22.Qg6 Rf6 23.Qh5  1-0

[Event "Bundesliga 2003-4"]
[Site "Koelln GER"]
[Date "2004.04.24"]
[Round "14"]
[White "Hjartarson,J"]
[Black "L'Ami,E"]
[Result "1/2-1/2"]
[WhiteElo "2640"]
[BlackElo "2478"]

1.c4 c6 2.e4 d5 3.exd5 cxd5 4.cxd5 Nf6 5.Nc3 Nxd5 6.Nf3 Nc6 7.Bb5 e6 8.Ne5 Bd7
9.Bxc6 Bxc6 10.Nxc6 bxc6 11.O-O Be7 12.b3 O-O 13.Bb2 Bf6 14.Na4 Bxb2 15.Nxb2 Qf6
16.Na4 Rfd8 17.Rc1 Nf4 18.g3 Qg5 19.h4 Qg6 20.Kh2 Qf5 21.gxf4 Rd3 22.Rc5 Qh3+
23.Kg1 Rg3+  1/2-1/2

[Event "TCh-RUS 1st Liga"]
[Site "Sochi RUS"]
[Date "2004.04.24"]
[Round "5"]
[White "Cherniaev,A2"]
[Black "Ustinov,V RUS"]
[Result "1-0"]
[WhiteElo "2270"]
[BlackElo "2246"]

1.c4 c6 2.d4 d5 3.cxd5 cxd5 4.Nf3 Nf6 5.Nc3 e6 6.Bf4 Nc6 7.e3 a6 8.Bd3 Be7
9.h3 O-O 10.O-O b5 11.a4 b4 12.Nb1 Bb7 13.Nbd2 Na5 14.Qe2 Qb6 15.Ne5 Rfc8
16.Bg5 Qd8 17.Bxf6 Bxf6 18.f4 g6 19.Qg4 Bg7 20.Ndf3 f5 21.Qg3 Nc4 22.Rf2 Nd6
23.Ng5 Qe7 24.a5 Rc7 25.Rc2 Rac8 26.Rxc7 Rxc7 27.Qe1 Bxe5 28.dxe5 Nc4 29.Nf3 Nxb2
30.Bf1 Rc3 31.Rc1 Na4 32.Rb1 d4 33.Nxd4 Be4 34.Ra1 Nc5 35.Rc1 Rxc1 36.Qxc1 b3
37.Qa3 Qb7 38.Qxc5 b2 39.Nxe6 h6 40.Qf8+ Kh7 41.Bc4 b1=Q+ 42.Kh2 g5 43.Nxg5+ hxg5
44.Bg8+  1-0

[Event "TCh-RUS 1st Liga"]
[Site "Sochi RUS"]
[Date "2004.04.26"]
[Round "7"]
[White "Popov,Val"]
[Black "Ustinov,V RUS"]
[Result "1-0"]
[WhiteElo "2547"]
[BlackElo "2246"]

1.c4 c6 2.Nf3 d5 3.e3 Nf6 4.Nc3 Bf5 5.cxd5 cxd5 6.Qb3 Bc8 7.d4 e6 8.Ne5 Be7
9.Bd3 O-O 10.Bd2 Nfd7 11.Nxd7 Bxd7 12.Qxb7 Nc6 13.Qb3 Rb8 14.Qc2 Nb4 15.Bxh7+ Kh8
16.Qb1 g6 17.Bxg6 fxg6 18.Qxg6 Rf6 19.Qh5+ Kg7 20.O-O Be8 21.Qg4+ Bg6 22.e4 Qf8
23.Rad1 Nd3 24.Bg5 Rxf2 25.Bxe7 Rxf1+ 26.Rxf1 Qxe7 27.Qg3 Rxb2 28.Qxd3 Qg5
29.Qf3 dxe4 30.Nxe4 Bxe4 31.Qxe4 Rxa2 32.Qf3 Qe7 33.Qg4+ Kh6 34.Re1 Ra6 35.h4 Qf6
36.Re5 Qg6 37.Qf4+ Kh7 38.Rg5 Ra1+ 39.Kh2  1-0

[Event "It"]
[Site "Zalaegerszeg HUN"]
[Date "2004.04.26"]
[Round "3"]
[White "Ruck,R"]
[Black "Acs,P"]
[Result "1/2-1/2"]
[WhiteElo "2556"]
[BlackElo "2548"]

1.c4 c6 2.d4 d5 3.Nf3 Nf6 4.Nc3 a6 5.a4 e6 6.g3 dxc4 7.Bg2 c5 8.dxc5 Qxd1+
9.Nxd1 Bxc5 10.Ne3 Bd7 11.Ne5 Bc6 12.Nxc6 Nxc6 13.Bxc6+ bxc6 14.Nxc4 h5 15.O-O h4
16.Bf4 hxg3 17.Bxg3 Ne4 18.Rac1 Rh5 19.Rc2 Nxg3 20.hxg3 Rb8 21.Rfc1 Be7 22.Nd2 Rd5
23.Kf1 Rb4 24.b3 c5 25.Ke1 Rb8 26.e3 Rd7 27.Ke2 f5 28.Rc4 Kf7 29.R1c3 Rbd8
30.Nf3 Bf6 31.Rc2 Rb8 32.Rxc5 Rxb3 33.Rc6 a5 34.R6c5 Ra7 35.Rc7+ Rxc7 36.Rxc7+ Kg6
37.Rc5 Bc3 38.Nd4 Rb2+ 39.Kf1 Bxd4 40.exd4 Rb4 41.Rxa5 Rxd4 42.Ra7 Rd1+ 43.Kg2 Ra1
44.f4 Kf6  1/2-1/2